Music Quiz

Random Music or Singers Quiz
Score 0/20 Timer 08:00
0 Plays Today
% Correct
Michael Jackson
100%
Queen
100%
The Beatles
97%
Prince
97%
Spice Girls
97%
Miley Cyrus
93.9%
The Rolling Stones
93.9%
David Bowie
90.9%
Daft Punk
87.9%
Bob Dylan
78.8%
% Correct
The White Stripes
57.6%
Fatboy Slim
57.6%
Justin Timberlake
54.5%
Coldplay
51.5%
Iron Maiden
42.4%
Beastie Boys
42.4%
Foo Fighters
36.4%
Kendrick Lamar
33.3%
Muse
15.2%
DJ Shadow & Run the Jewels
3%
Remove Ads.
Support Sporcle.
Get the best of Sporcle when you Go Orange. This ad-free experience offers more features, more stats, and more fun while also helping to support Sporcle. Thank you for becoming a member.

You're not logged in!

Compare scores with friends on all Sporcle quizzes.
OR
Log In

Sporcle TV

Today on Sporcle TV


Watch our educational content, quiz creation guides, and fun videos on Sporcle TV.

Show Comments

Extras

Top Quizzes Today


Score Distribution

Paid Content

Your Account Isn't Verified!

In order to create a playlist on Sporcle, you need to verify the email address you used during registration. Go to your Sporcle Settings to finish the process.

Report this User

Report this user for behavior that violates our Community Guidelines.

Details: